| 000 | 00808pam a2200265 a 4500 | ||
|---|---|---|---|
| 001 | 673489 | ||
| 003 | OSt | ||
| 005 | 20240617123605.0 | ||
| 008 | 951018s1996 nyua b 001 0 eng | ||
| 010 | _a 95046128 | ||
| 020 | _a0133987779 | ||
| 040 |
_aDDC _cMUST |
||
| 082 | 0 | 0 |
_a519.5 FLE 1996 _222 |
| 100 | 1 |
_aFleming, Michael C. _917356 |
|
| 245 | 1 | 4 |
_aThe essence of statistics for business / _cMichael C. Fleming |
| 250 | _a2nd ed. | ||
| 260 |
_aNew York : _bPrentice Hall, _cc1996. |
||
| 300 |
_axiii, 270 p. : _bill. ; _c24 cm. |
||
| 504 | _aIncludes bibliographical references and indexes | ||
| 650 | 0 |
_aCommercial statistics. _95297 |
|
| 650 | 0 |
_aEconomics _xStatistical methods. _92670 |
|
| 650 | 0 |
_aStatistical decision. _917357 |
|
| 700 | 1 |
_aNellis, Joseph G. _917358 |
|
| 942 |
_2ddc _cO_SHELF |
||
| 999 |
_c8552 _d8552 |
||